LEADER 01248nam--2200397---450- 001 990003587800203316 005 20111109124022.0 035 $a000358780 035 $aUSA01000358780 035 $a(ALEPH)000358780USA01 035 $a000358780 100 $a20111109d2003----km-y0itay50------ba 101 0 $aita 102 $aIT 105 $aa---||||001yy 200 1 $aCeramica č...$etrentuno saggi per trentatré artisti figulini$fMario Maiorino$gintroduzioni di Elio Mercuri, Alberto Granese, Franco Salerno 210 $aNapoli$cIstituto grafico editoriale italiano$d2003 215 $a203 p.$cill.$d25 cm 225 2 $aItinera$v36 410 0$12001$aItinera$v36 606 0 $aCeramica$yItalia$zSec. 20.$2BNCF 676 $a738.0922 700 1$aMAIORINO,$bMario$0184677 702 1$aMERCURI,$bElio 702 1$aGRANESE,$bAlberto 702 1$aSALERNO,$bFranco 801 0$aIT$bsalbc$gISBD 912 $a990003587800203316 951 $aXII.2.C. 2060$b233719 L.M.$cXII.2.C.$d00267874 959 $aBK 969 $aUMA 979 $aIANNONE$b90$c20111109$lUSA01$h1236 979 $aIANNONE$b90$c20111109$lUSA01$h1237 979 $aIANNONE$b90$c20111109$lUSA01$h1240 996 $aCeramica č..$91136054 997 $aUNISA LEADER 05482nam 2200697 a 450 001 9910784578803321 005 20230617001216.0 010 $a1-282-07271-4 010 $a0-253-11174-9 035 $a(CKB)1000000000362381 035 $a(EBL)278889 035 $a(OCoLC)476022138 035 $a(SSID)ssj0000248907 035 $a(PQKBManifestationID)11192901 035 $a(PQKBTitleCode)TC0000248907 035 $a(PQKBWorkID)10204883 035 $a(PQKB)10602366 035 $a(MiAaPQ)EBC278889 035 $a(OCoLC)145734228 035 $a(MdBmJHUP)muse16714 035 $a(Au-PeEL)EBL278889 035 $a(CaPaEBR)ebr10149912 035 $a(CaONFJC)MIL207271 035 $a(OCoLC)437175075 035 $a(EXLCZ)991000000000362381 100 $a20050921d2005 ub 0 101 0 $aeng 135 $aur|n|---||||| 181 $ctxt 182 $cc 183 $acr 200 10$aSourcebook for research in music$b[electronic resource] /$fPhillip D. Crabtree and Donald H. Foster 205 $a2nd ed. /$brevised and expanded by Allen Scott. 210 $aBloomington $cIndiana University Press$dc2005 215 $a1 online resource (409 p.) 300 $aIncludes indexes. 311 $a0-253-34611-8 327 $aCover; Contents; Common Bibliographical Terms; German Bibliographical Terms; French Bibliographical Terms; Instrumental Music; Vocal Music; Literature on Music; Musical Instruction and Study; Some Nonmusical General Classifications Relating to Research in Music; Dewey Decimal Classification: Music; Dewey Decimal Classification 21: Music; Dewey Decimal Classification 19: Music; Chapter Two / Basic Bibliographical Tools for Research in Music; Current Writings about Music; Periodicals; Periodical Articles; Bibliographic Databases; Music Dictionaries and Encyclopedias; Congress Reports 327 $aDissertationsGuides to National Music; Biographies of Musicians; Bio-Bibliographies in Music; Routledge Music Bibliographies; Other Bibliographies of Music Literature Sources; Directories and Catalogs of Institutions; Libraries; American; European; International; Musical Instrument Collections; International Music Guides; Primary Sources of Early Music: Manuscripts and Prints; General; American; Editions of Music; Catalogs of Librettos; Bibliographies of Discographies; Classical, Opera, and Choral; American Music; Ethnomusicology and World Music; Jazz, Blues, and Popular Music 327 $aSelected General BibliographiesMusicology; The History of Musicology; Comprehensive Overviews; Selected Discussions of the Discipline in Chronological Order; Selected Gender and Sexuality Studies in Chronological Order; Music Historiography; Miscellaneous Sources; Ethnomusicology; Classic Presentations of the Field; Works about Ethnomusicology as a Field of Research; Surveys of World Music; Examplars of Ethnomusicological Method; Collections; Afghanistan; Africa; Bali and Java; China and Tibet; India; Iran, Iraq, and Syria; Japan; Latin America; North America; Thailand; Performance Practice 327 $aBibliographies and Other Reference GuidesPerformance Practice; General Treatments; Studies Specific to an Era; Examples of More specialized Discussions; Discussions of the Performance Practice Movement; Guides for Performers; Studies of Historical Interest; Editions of Selected Primary Sources; Anthologies; Music Theory; The History of Theory; General Issues of Style and Analysis; Theories of Tonality and Tonal Music; Schenkerian Analysis; Atonality, Serialism, and Set Theory; Microtonality; Theories of Musical Timbre; Aesthetics and Semiotics of Music; Texts of Theoretical Treatises 327 $aBibliographies and Guides to the LiteratureMusic Education; The History of Music Education; Research Methodology; General Reference Sources; Research Overviews; Bibliographies, Directories, and Indexes; Introductions to the Discipline; Various Guides and Discussions of History, Theory, and Practice; Bibliographies and Research Guides in Other Selected Areas; African-American Music; American Music; Dance; Jazz, Blues, etc.; Women in Music; Miscellaneous Sources; Chapter Four / Dictionaries and Encyclopedias of Music; General Dictionaries and Encyclopedias 327 $aBiographical Dictionaries and Encyclopedias 330 $aThe Sourcebook for Research in Music, in this revised and greatly expanded second edition, is an invaluable guide to the researcher in navigating the vast proliferation of materials in music research. The editors emphasize English-language and recent sources, and also include essential materials in other languages. An opening chapter of introductory materials, including a list of common bibliographical terms with definitions, German and French bibliographical terms, and the plan of the Library of Congr 606 $aMusic$vBibliography 606 $aMusic$xHistory and criticism$vBibliography 606 $aMusic$vBibliography of bibliographies 615 0$aMusic 615 0$aMusic$xHistory and criticism 615 0$aMusic 676 $a016.78 676 $a780.72 700 $aCrabtree$b Phillip$01508680 701 $aFoster$b Donald H$01508681 801 0$bMiAaPQ 801 1$bMiAaPQ 801 2$bMiAaPQ 906 $aBOOK 912 $a9910784578803321 996 $aSourcebook for research in music$93740102 997 $aUNINA